Rus arşiv belgelerine göre boğazlar ve şark meselesi = (Record no. 9871)
| 000 -BAŞLIK | |
|---|---|
| Sabit Uzunluktaki Kontrol Alanı | 02589nam a22004337a 4500 |
| 001 - KONTROL NUMARASI | |
| Control Dosyası | 0009899 |
| 003 - KONTROL NUMARASI KİMLİĞİ | |
| Kontrol Alanı | KOHA_MİRAKIL |
| 005 - EN SON İŞLEM TARİHİ ve ZAMANI | |
| Kontrol Alanı | 20260207001726.0 |
| 007 - FİZİKSEL TANIM SABİT ALAN - GENEL BİLGİ | |
| Sabit uzunluklu kontrol alanı | ta |
| 008 - SABİT UZUNLUKTAKİ VERİ ÖGELERİ - GENEL BİLGİ | |
| Sabit Alan | 091027b2006 tu |||gr||||#||||0|tur | |
| 020 ## - ISBN - ULUSLARARASI STANDART KİTAP NUMARASI | |
| Isbn | 9754375585 |
| 040 ## - KATALOGLAMA KAYNAĞI | |
| Özgün Kataloglama Kurumu | TR-BiSEU |
| Kataloglama Dili | tur |
| Çeviri Kurumu | TR-BiSEU |
| Açıklama Kuralları | rda |
| 041 0# - DİL KODU | |
| Metin ya da ses kaydının dil kodu | tur |
| 044 ## - YAYINLAYAN/ÜRETEN KURULUŞUN ÜLKE KODU | |
| ISO country code | tu |
| 050 ## - SINIFLAMA ve YER NUMARASI | |
| Sınıflama Numarası | JZ3780 |
| Yer Numarası | .G67 2006 |
| 100 1# - KİŞİ ADI | |
| Yazar Adı (Kişi adı) | Goryanof, Sergey . |
| 240 10 - TEK BİÇİM BAŞLIK | |
| Tekbiçim Başlık | <a href="le bosphore et les dardanelles. etude historique sur : question des Detroits d'apris la correspondance diplomatique deposee aux archives centrales de Saint-Petersburg et acelles de l'empire">le bosphore et les dardanelles. etude historique sur : question des Detroits d'apris la correspondance diplomatique deposee aux archives centrales de Saint-Petersburg et acelles de l'empire</a> |
| Language of a work | Türkçe |
| 245 1# - ESER ADI BİLDİRİMİ | |
| Başlık | Rus arşiv belgelerine göre boğazlar ve şark meselesi = |
| Alt Eseradı vb. | le bosphore et les dardanelles. etude historique sur : |
| -- | question des Detroits d'apris la correspondance diplomatique deposee aux archives centrales de Saint-Petersburg et acelles de l'empire/ |
| Sorumluluk Bildirimi | Sergey Goryanof ; Goryanof Sergey; çevirenler Macar İskender, Ali Reşad; editörler Ali Ahmetbeyoğlu, İshak Keskin. |
| 264 #1 - ÜRERİM, YAYIN, DAĞITIM ve TELİF BİLDİRİMİ | |
| Yayın yeri | İstanbul : |
| Yayınlayan | Ötüken |
| Yayın tarihi | 2006 |
| 300 ## - FİZİKSEL TANIMLAMA | |
| Sayfa, Cilt vb. | 427 sayfa |
| 336 ## - İÇERİK TÜRÜ | |
| Content type term | metin |
| Content type code | txt |
| Source | rdacontent |
| 337 ## - MEDYA TÜRÜ | |
| Media type term | aracısız |
| Media type code | n |
| Source | rdamedia |
| 338 ## - TAŞIYICI TÜRÜ | |
| Carrier type term | cilt |
| Carrier type code | nc |
| Source | rdacarrier |
| 490 1# - DİZİ BİLDİRİMİ | |
| Dizi Bildirimi | Yayın ; |
| Cilt Numarası | nu. |
| 490 1# - DİZİ BİLDİRİMİ | |
| Dizi Bildirimi | 633. |
| 490 1# - DİZİ BİLDİRİMİ | |
| Dizi Bildirimi | Kültür serisi ; |
| Cilt Numarası | 295. |
| 500 ## - GENEL NOT | |
| Genel Not | Dizin var. |
| 505 ## - İÇİNDEKİLER NOTU | |
| İçindekiler Notu | Rus arşiv dairesinin uzun yıllar müdürlüğünü yapmış olan bir Rus bilim adamı tarafından, Rus arşiv belgelerine dayanılarak ve doğal olarak Rus bakışı açısından yazılmıştır. Rusya, bütün tarihi boyunca "Burası bizim nefes borumuzdur." diyerek Boğazlar üzerinde hak iddia etmiştir. Kitap, bu iddia çevresinde döndürülen bütün dolapları, Avrupa devletlerinin siyasi hesap ve diplomatik kulislerinde Boğazlar'ın nasıl bir yer tuttuğunu ve Osmanlı'ya yönelik politik faaliyet ve bakışlarını açıklıkla anlatmaktadır. Tarihî gerçeği bir kere daha görüyoruz ki, devletler arasında dostluk yoktur; uzun veya kısa dönemli, değişken çıkar ilişkileri vardır. Doğru olan, bu gerçeğe öfkelenmek yerine, onu sürekli hatırlamak, akıldan ve hesaptan hiç çıkarmamaktır. |
| 650 #0 - KONU BAŞLIĞI EK GİRİŞ - KONU TERİMİ | |
| Konusal terim veya coğrafi ad | Straits question. |
| 9 (RLIN) | 24445 |
| 650 #0 - KONU BAŞLIĞI EK GİRİŞ - KONU TERİMİ | |
| Konusal terim veya coğrafi ad | Eastern question (Balkan). |
| 9 (RLIN) | 12510 |
| 650 #0 - KONU BAŞLIĞI EK GİRİŞ - KONU TERİMİ | |
| Konusal terim veya coğrafi ad | Bosporus (Turkey). |
| 9 (RLIN) | 17198 |
| 650 #0 - KONU BAŞLIĞI EK GİRİŞ - KONU TERİMİ | |
| Konusal terim veya coğrafi ad | Dardanelles Strait (Turkey). |
| 9 (RLIN) | 24446 |
| 650 #0 - KONU BAŞLIĞI EK GİRİŞ - KONU TERİMİ | |
| Konusal terim veya coğrafi ad | Turkey--Foreign relations--Soviet Union. |
| 9 (RLIN) | 13055 |
| 650 #0 - KONU BAŞLIĞI EK GİRİŞ - KONU TERİMİ | |
| Konusal terim veya coğrafi ad | Soviet Union--Foreign relations--Turkey. |
| 9 (RLIN) | 13056 |
| 830 1# - SERİ EK GİRİŞİ - TEKBİÇİM ESER ADI | |
| Tekbiçim Başlık | Yayın ; |
| Volume number/sequential designation | nu. |
| 9 (RLIN) | 1557 |
| 830 1# - SERİ EK GİRİŞİ - TEKBİÇİM ESER ADI | |
| Tekbiçim Başlık | 633. |
| 9 (RLIN) | 24447 |
| 830 1# - SERİ EK GİRİŞİ - TEKBİÇİM ESER ADI | |
| Tekbiçim Başlık | Kültür serisi ; |
| Volume number/sequential designation | 295. |
| 9 (RLIN) | 5523 |
| 942 ## - EK GİRİŞ ÖGELERİ (KOHA) | |
| Source of classification or shelving scheme | Library of Congress Classification |
| Koha item type | Book |
| 505 ## - İÇİNDEKİLER NOTU | |
| -- | |
| Materyal Türü | Kalıcı Konum | Mevcut Konum | Raf Yeri | Sınıflandırma Kaynağı | Edinim Bilgisi | Ana Konular | Alt Konular | Yer Numarası | Demirbaş Numarası | Fatura Tarihi | Maliyet, Alış Fiyatı | Maliyet, Yenileme Fiyatı | Geri Çekilme Durumu | Kayıp Durumu | Hasarlı Durumu | Kredi için değil | Kayıt Tarih | Toplam Ödünçverme | Son Görülme Tarihi | Son Kontrol Tarihi | Genel / Bağış Notu |
|---|---|---|---|---|---|---|---|---|---|---|---|---|---|---|---|---|---|---|---|---|---|
| Book | Prof. Dr. Azmi Özcan Kütüphanesi | Prof. Dr. Azmi Özcan Kütüphanesi | Uluğbey Salonu | Library of Congress Classification | Bağış | SİYASET BİLİMİ | Uluslararası İlişkiler | JZ3780 .G67 2006 | 0009899 | 13/08/2010 | 14.00 | 14.00 | 27/10/2009 | 05/12/2024 | 05/12/2024 | Ötüken Yayınevi |
